| 000 | 00510nam a2200181Ia 4500 | ||
|---|---|---|---|
| 005 | 20250326141812.0 | ||
| 008 | 250326s9999 xx 000 0 und d | ||
| 037 | _aTextbook | ||
| 040 |
_aFMSL _beng _cFMSL |
||
| 041 |
_aeng _2eng |
||
| 084 |
_aX:8Fy7 M8 _qFMSL |
||
| 100 |
_aDearden J _9735551 |
||
| 245 | 0 |
_aManagement accounting text and cases _cDearden J |
|
| 260 |
_aNew Jersey _bNew Jersey, Prentice-Hall _c1988 |
||
| 300 | _a653p | ||
| 942 |
_cTB _hX:8Fy7 M8 |
||
| 999 |
_c1292038 _d1292038 |
||